[Event "UKR-ch sf U20"]
[Site "Lvov"]
[Date "2007.12.03"]
[Round "2"]
[White "Knyazev, Alexey"]
[Black "Pasko, Alexander"]
[Result "1-0"]
[WhiteElo "2193"]
[BlackElo "2359"]
[PlyCount "69"]
[EventDate "2007.12.02"]
[EventType "swiss"]
[EventRounds "9"]
[EventCountry "UKR"]
[SourceTitle "CBM 121 Extra"]
[Source "ChessBase"]
[SourceDate "2008.01.10"]
[SourceVersion "1"]
[SourceVersionDate "2008.01.10"]
[SourceQuality "1"]

1. d4 f5 2. g3 Nf6 3. Bg2 g6 4. Nf3 Bg7 5. 0-0 0-0 6. b3 d6 7. Bb2 c6 8. c4 Qc7 9. Nbd2 Re8 10. Qc2 e5 11. dxe5 dxe5 12. e4 Na6 13. c5 fxe4 14. Ng5 Qe7 15. Ngxe4 Bf5 16. Rac1 Rad8 17. Nxf6+ Bxf6 18. Ne4 Bxe4 19. Bxe4 Bg5 20. f4 exf4 21. Qc3 Kf7 22. Rfe1 Qxc5+ 23. Qxc5 Nxc5 24. Rxc5 Be7 25. Rc2 Bb4 26. Ree2 g5 27. Bf3 Rxe2 28. Rxe2 Bc5+ 29. Kg2 Be3 30. Bh5+ Kg8 31. gxf4 gxf4 32. Kf3 Kf8 33. Be5 Rd5 34. Ke4 a5 35. Bg4 1-0

[Event "UKR-ch sf U20"]
[Site "Lvov"]
[Date "2007.12.02"]
[Round "1"]
[White "Pasko, Alexander"]
[Black "Kolodiy, Taras"]
[Result "1-0"]
[WhiteElo "2359"]
[BlackElo "1869"]
[PlyCount "87"]
[EventDate "2007.12.02"]
[EventType "swiss"]
[EventRounds "9"]
[EventCountry "UKR"]
[SourceTitle "CBM 121 Extra"]
[Source "ChessBase"]
[SourceDate "2008.01.10"]
[SourceVersion "1"]
[SourceVersionDate "2008.01.10"]
[SourceQuality "1"]

1. e4 e5 2. Nf3 Nf6 3. d3 Nc6 4. Be2 d5 5. Nbd2 Be7 6. 0-0 0-0 7. c3 h6 8. a3 a5 9. b3 Be6 10. Bb2 Bd6 11. b4 axb4 12. axb4 Rxa1 13. Bxa1 Ne7 14. Re1 Ng6 15. Qb1 Re8 16. Bf1 c6 17. c4 dxc4 18. dxc4 b6 19. Bc3 Nh7 20. Qc2 Ng5 21. Qa4 Bd7 22. Rd1 Nxf3+ 23. Nxf3 Re6 24. Qa7 Nf8 25. c5 bxc5 26. bxc5 Qb8 27. Qxb8 Bxb8 28. Ra1 Re8 29. Ba5 Ne6 30. Bb6 Ng5 31. Nd2 Be6 32. Ra8 Kf8 33. h4 Nh7 34. Ba6 Nf6 35. Bb7 Bd7 36. f3 Ng8 37. Nc4 Ne7 38. Ba5 f6 39. Ra6 Bc8 40. Bxc8 Rxc8 41. Nd6 Bxd6 42. cxd6 Ke8 43. Ra7 Rb8 44. Rxe7+ 1-0

[Event "Evpatoria tt U20"]
[Site "Evpatoria"]
[Date "2006.05.05"]
[Round "2"]
[White "Pasko, Alexander"]
[Black "Gerasimenyk, Mihail"]
[Result "1-0"]
[WhiteElo "2397"]
[BlackElo "2211"]
[PlyCount "39"]
[EventDate "2006.05.05"]
[EventType "team-tourn"]
[EventRounds "7"]
[EventCountry "UKR"]
[SourceTitle "CBM 112 Extra"]
[Source "ChessBase"]
[SourceDate "2006.07.14"]
[SourceVersion "1"]
[SourceVersionDate "2006.07.14"]
[SourceQuality "1"]

1. e4 c6 2. d4 d5 3. exd5 Qxd5 4. Nf3 Bg4 5. Be2 Nf6 6. 0-0 e6 7. c4 Qd6 8. Nc3 Be7 9. Be3 0-0 10. Ne5 Bf5 11. f4 a6 12. g4 Be4 13. g5 Bf5 14. gxf6 gxf6 15. Nf3 Bh3 16. Rf2 Kh8 17. Kh1 Rg8 18. Ne4 Qc7 19. Ng3 Nd7 20. Ng1 1-0

[Event "UKR-ch U18"]
[Site "Dnipropetrovsk"]
[Date "2006.03.11"]
[Round "8"]
[White "Pasko, Alexander"]
[Black "Melnichuk, Mikhail"]
[Result "1/2-1/2"]
[WhiteElo "2406"]
[BlackElo "2118"]
[PlyCount "52"]
[EventDate "2006.03.04"]
[EventType "tourn"]
[EventRounds "11"]
[EventCountry "UKR"]
[EventCategory "3"]
[SourceTitle "CBM 111 Extra"]
[Source "ChessBase"]
[SourceDate "2006.05.09"]
[SourceVersion "1"]
[SourceVersionDate "2006.05.09"]
[SourceQuality "1"]

1. e4 c5 2. Nf3 Nc6 3. d4 cxd4 4. Nxd4 g6 5. Nc3 Bg7 6. Nb3 d6 7. Be2 Nf6 8. 0-0 0-0 9. Bg5 h6 10. Bh4 g5 11. Bg3 e5 12. Qd2 Be6 13. Rad1 Ne8 14. Nb5 Qe7 15. c4 Rd8 16. f3 Rc8 17. Bf2 a6 18. Nxd6 Nxd6 19. Qxd6 Qf6 20. Qa3 Rfd8 21. Bb6 Rxd1 22. Rxd1 Bf8 23. Qa4 Nb4 24. c5 Nc2 25. Na5 Nd4 26. Bf1 g4 1/2-1/2

[Event "UKR-ch U18 sf"]
[Site "Dnipropetrovsk"]
[Date "2005.12.??"]
[Round "1"]
[White "Pasko, Alexander"]
[Black "Orlyanskaya, Darya"]
[Result "1-0"]
[WhiteElo "2406"]
[BlackElo "2105"]
[PlyCount "91"]
[EventDate "2005.12.??"]
[EventType "swiss"]
[EventRounds "9"]
[EventCountry "UKR"]
[SourceTitle "CBM 109 Extra"]
[Source "ChessBase"]
[SourceDate "2006.01.03"]
[SourceVersion "2"]
[SourceVersionDate "2006.01.03"]
[SourceQuality "1"]

1. e4 c5 2. Nf3 Nc6 3. d4 cxd4 4. Nxd4 Nf6 5. Nc3 e5 6. Ndb5 h6 7. Nd6+ Bxd6 8. Qxd6 Qe7 9. Qd1 0-0 10. Bc4 Qb4 11. Qd3 Nd4 12. Bb3 d5 13. exd5 Bf5 14. Qd2 Rac8 15. 0-0 Qc5 16. Qd1 b5 17. Be3 Rfd8 18. Rc1 a5 19. a3 Ng4 20. Qd2 b4 21. Bxd4 Qxd4 22. Qxd4 exd4 23. Na4 d3 24. cxd3 Bxd3 25. Rxc8 Rxc8 26. Rd1 Be2 27. Re1 Ne5 28. h3 Re8 29. Rxe2 Nf3+ 30. Kf1 Rxe2 31. Kxe2 Nd4+ 32. Kd3 Nxb3 33. axb4 axb4 34. Kc4 Nc1 35. Kxb4 Nd3+ 36. Kb5 Kf8 37. d6 Ke8 38. Kc6 Kd8 39. Nc5 Nb4+ 40. Kb5 Nd5 41. b4 g5 42. Nd3 f6 43. Kc6 Nc3 44. b5 Ne2 45. b6 Nd4+ 46. Kd5 1-0

[Event "UKR-ch U18"]
[Site "Dnipropetrovsk"]
[Date "2005.03.??"]
[Round "5"]
[White "Pasko, Alexander"]
[Black "Kononenko, Dmitry1"]
[Result "1-0"]
[WhiteElo "2360"]
[BlackElo "2188"]
[PlyCount "80"]
[EventDate "2005.03.??"]
[EventType "tourn"]
[EventRounds "11"]
[EventCountry "UKR"]
[EventCategory "1"]
[SourceTitle "EXT 2006"]
[Source "ChessBase"]
[SourceDate "2005.11.24"]
[SourceVersion "1"]
[SourceVersionDate "2005.11.24"]
[SourceQuality "1"]

1. e4 c6 2. d4 d5 3. exd5 cxd5 4. c4 Nf6 5. Nc3 e6 6. Nf3 Nc6 7. Bg5 Be7 8. c5 0-0 9. Bb5 Ne4 10. Nxe4 dxe4 11. Bxc6 bxc6 12. Bxe7 Qxe7 13. Ne5 Ba6 14. Nxc6 Qb7 15. Ne5 f6 16. Ng4 Rab8 17. b3 Rfd8 18. Ne3 Bd3 19. Qd2 Rxd4 20. Qc3 Rdd8 21. 0-0-0 a5 22. Kb2 Rdc8 23. Qxa5 Qc6 24. Qc3 Qb5 25. Rc1 Rc6 26. Qd4 Ra6 27. Qc3 Rc8 28. a3 Rac6 29. Qb4 Qa6 30. Rc3 Qa7 31. a4 Rxc5 32. Rhc1 Rxc3 33. Rxc3 Rxc3 34. Qxc3 Kf7 35. g3 h5 36. h4 g5 37. Ka3 gxh4 38. gxh4 Qb8 39. Qc5 f5 40. a5 Qf8 1-0

[Event "UKR-ch U18"]
[Site "Dnipropetrovsk"]
[Date "2005.03.??"]
[Round "9"]
[White "Pasko, Alexander"]
[Black "Pervakov, Sergey"]
[Result "1-0"]
[WhiteElo "2360"]
[BlackElo "2175"]
[PlyCount "75"]
[EventDate "2005.03.??"]
[EventType "tourn"]
[EventRounds "11"]
[EventCountry "UKR"]
[EventCategory "1"]
[SourceTitle "EXT 2006"]
[Source "ChessBase"]
[SourceDate "2005.11.24"]
[SourceVersion "1"]
[SourceVersionDate "2005.11.24"]
[SourceQuality "1"]

1. e4 Nf6 2. e5 Nd5 3. d4 d6 4. Nf3 g6 5. Be2 Bg7 6. c4 Nb6 7. exd6 cxd6 8. Nc3 0-0 9. 0-0 Nc6 10. Be3 Bg4 11. b3 Bxf3 12. Bxf3 e5 13. dxe5 dxe5 14. c5 Nd7 15. Bxc6 bxc6 16. Qd6 e4 17. Rad1 Ne5 18. Qxd8 Raxd8 19. Nxe4 Ng4 20. Bf4 f5 21. Nd6 h6 22. Nc4 Rd4 23. Bd6 Re8 24. h3 Rxd1 25. Rxd1 Ne5 26. Bxe5 Bxe5 27. Rd7 a6 28. g3 f4 29. gxf4 Bc3 30. Rd6 Re2 31. Rxc6 Bd4 32. Ne3 Rxa2 33. Rc8+ Kg7 34. c6 Ra1+ 35. Kg2 Rc1 36. c7 Bxe3 37. fxe3 a5 38. Kf3 1-0

[Event "UKR-ch U18"]
[Site "Dnipropetrovsk"]
[Date "2005.03.??"]
[Round "10"]
[White "Pavlov, Sergey1"]
[Black "Pasko, Alexander"]
[Result "1-0"]
[WhiteElo "2003"]
[BlackElo "2360"]
[PlyCount "109"]
[EventDate "2005.03.??"]
[EventType "tourn"]
[EventRounds "11"]
[EventCountry "UKR"]
[EventCategory "1"]
[SourceTitle "EXT 2006"]
[Source "ChessBase"]
[SourceDate "2005.11.24"]
[SourceVersion "1"]
[SourceVersionDate "2005.11.24"]
[SourceQuality "1"]

1. e4 c5 2. c3 d6 3. d4 Nf6 4. dxc5 Nc6 5. f3 dxc5 6. Qxd8+ Nxd8 7. Be3 Nd7 8. a4 a6 9. Na3 Nc6 10. Nc4 e6 11. 0-0-0 Nce5 12. Nd6+ Bxd6 13. Rxd6 Ke7 14. Rd2 b6 15. Be2 Bb7 16. Nh3 Nc6 17. Rhd1 Rhd8 18. Ng5 Nf6 19. Rxd8 Rxd8 20. Rxd8 Nxd8 21. a5 h6 22. Nh3 Nd7 23. axb6 Kd6 24. Nf4 Nxb6 25. Nh5 g6 26. Nf6 h5 27. Ne8+ Kc6 28. Bg5 Kd7 29. Bxd8 Na8 30. Bg5 Kxe8 31. Be3 Kd7 32. Bxc5 Nc7 33. Bb6 Nb5 34. Kc2 Kc6 35. Bd8 Kd6 36. Kb3 Na7 37. Bf6 Nc6 38. Ka4 Kc5 39. b4+ Kb6 40. c4 Bc8 41. b5 axb5+ 42. cxb5 Nb8 43. Bd4+ Kb7 44. e5 Nd7 45. Ka5 Kb8 46. h4 Bb7 47. g4 hxg4 48. fxg4 Be4 49. b6 Kb7 50. Ba6+ Kb8 51. Bb5 Nf8 52. Bc5 Nh7 53. Bd6+ Kb7 54. g5 Bd5 55. Be8 1-0

[Event "UKR-ch U18"]
[Site "Dnipropetrovsk"]
[Date "2005.03.??"]
[Round "6"]
[White "Tishin, Dmitry"]
[Black "Pasko, Alexander"]
[Result "0-1"]
[WhiteElo "2343"]
[BlackElo "2360"]
[PlyCount "78"]
[EventDate "2005.03.??"]
[EventType "tourn"]
[EventRounds "11"]
[EventCountry "UKR"]
[EventCategory "1"]
[SourceTitle "EXT 2006"]
[Source "ChessBase"]
[SourceDate "2005.11.24"]
[SourceVersion "1"]
[SourceVersionDate "2005.11.24"]
[SourceQuality "1"]

1. d4 f5 2. g3 Nf6 3. Bg2 g6 4. c4 Bg7 5. Nc3 0-0 6. Nf3 d6 7. 0-0 c6 8. Re1 Qc7 9. e4 fxe4 10. Nxe4 Nxe4 11. Rxe4 Bf5 12. Re1 e5 13. dxe5 dxe5 14. Ng5 Na6 15. Qe2 Nc5 16. Be3 Nd3 17. Red1 e4 18. Nxe4 Nxb2 19. Rf1 Rfe8 20. f3 Rad8 21. Qc2 Be6 22. Bg5 Nxc4 23. Rae1 Rd7 24. Bh3 Ne5 25. Bxe6+ Rxe6 26. f4 Nd3 27. Qc4 Rd5 28. Re2 b5 29. Qc2 c5 30. a4 c4 31. axb5 Rxb5 32. Nf6+ Rxf6 33. Bxf6 Bxf6 34. Re4 Rb4 35. f5 Qc5+ 36. Kh1 gxf5 37. Re8+ Kf7 38. Re2 Qd5+ 39. Rg2 Rb2 0-1

[Event "UKR-ch U18 sf"]
[Site "Simferopol"]
[Date "2004.12.16"]
[Round "6"]
[White "Pasko, Alexander"]
[Black "Pavlov, Sergey1"]
[Result "1/2-1/2"]
[WhiteElo "2302"]
[BlackElo "2003"]
[PlyCount "38"]
[EventDate "2004.12.11"]
[EventType "swiss"]
[EventRounds "9"]
[EventCountry "UKR"]
[SourceTitle "EXT 2006"]
[Source "ChessBase"]
[SourceDate "2005.11.24"]
[SourceVersion "1"]
[SourceVersionDate "2005.11.24"]
[SourceQuality "1"]

1. e4 c5 2. Nf3 Nc6 3. d4 cxd4 4. Nxd4 Nf6 5. Nc3 e5 6. Ndb5 d6 7. a4 a6 8. Na3 Be6 9. Bc4 Rc8 10. 0-0 Be7 11. Bg5 0-0 12. Bxf6 Bxf6 13. Nd5 Bg5 14. c3 Kh8 15. Qe2 Ne7 16. Rad1 Ng6 17. g3 Bh3 18. Rfe1 f5 19. exf5 Bxf5 1/2-1/2

[Event "UKR-ch U18 sf"]
[Site "Simferopol"]
[Date "2004.12.13"]
[Round "3"]
[White "Tishin, Dmitry"]
[Black "Pasko, Alexander"]
[Result "1-0"]
[WhiteElo "2341"]
[BlackElo "2302"]
[PlyCount "45"]
[EventDate "2004.12.11"]
[EventType "swiss"]
[EventRounds "9"]
[EventCountry "UKR"]
[SourceTitle "EXT 2006"]
[Source "ChessBase"]
[SourceDate "2005.11.24"]
[SourceVersion "1"]
[SourceVersionDate "2005.11.24"]
[SourceQuality "1"]

1. d4 f5 2. g3 Nf6 3. Bg2 g6 4. c4 Bg7 5. Nf3 0-0 6. 0-0 d6 7. Nc3 c6 8. Re1 Ne4 9. Qc2 Nxc3 10. bxc3 e5 11. e4 Qa5 12. exf5 Bxf5 13. Qb3 e4 14. Nd2 d5 15. cxd5 cxd5 16. Nxe4 Nd7 17. Ba3 Rfe8 18. Nd6 Rxe1+ 19. Rxe1 Nb6 20. Nxb7 Qa4 21. Bxd5+ Kh8 22. Qxa4 Nxa4 23. Nc5 1-0

[Event "UKR-ch sf"]
[Site "Alushta"]
[Date "2004.05.11"]
[Round "8"]
[White "Pavlov, Maxim"]
[Black "Pasko, Alexander"]
[Result "1-0"]
[WhiteElo "2451"]
[BlackElo "2310"]
[PlyCount "73"]
[EventDate "2004.05.04"]
[EventType "swiss"]
[EventRounds "9"]
[EventCountry "UKR"]
[SourceTitle "EXT 2005"]
[Source "ChessBase"]
[SourceDate "2004.11.15"]
[SourceVersion "1"]
[SourceVersionDate "2004.11.15"]
[SourceQuality "1"]

1. e4 c5 2. Nf3 d6 3. d4 cxd4 4. Nxd4 Nf6 5. Nc3 a6 6. f3 e5 7. Nb3 Be6 8. Be3 Nbd7 9. Qd2 Be7 10. g4 b5 11. a4 b4 12. Nd5 Bxd5 13. exd5 Nc5 14. Nxc5 dxc5 15. 0-0-0 Qd6 16. Kb1 0-0 17. h4 Rfd8 18. Bc4 a5 19. h5 Nd7 20. Qe2 h6 21. Bc1 Bg5 22. Bxg5 hxg5 23. Qe4 Nb6 24. Bb5 c4 25. Rhe1 b3 26. Qxe5 bxc2+ 27. Kxc2 Nxd5 28. Qxd6 Rxd6 29. Bxc4 Nb4+ 30. Kc3 Rf6 31. Re3 Rc8 32. b3 Kh7 33. Rd7 g6 34. Kd2 Rf8 35. hxg6+ Kxg6 36. Ke2 Nc2 37. Bd3+ 1-0

[Event "UKR-ch U16"]
[Site "Ordzhonikidze"]
[Date "2004.03.??"]
[Round "4"]
[White "Grekh, Andrey"]
[Black "Pasko, Alexander"]
[Result "1-0"]
[WhiteElo "2331"]
[BlackElo "2332"]
[PlyCount "63"]
[EventDate "2004.03.??"]
[EventType "tourn"]
[EventRounds "11"]
[EventCountry "UKR"]
[EventCategory "1"]
[SourceTitle "EXT 2005"]
[Source "ChessBase"]
[SourceDate "2004.11.15"]
[SourceVersion "1"]
[SourceVersionDate "2004.11.15"]
[SourceQuality "1"]

1. e4 c5 2. b4 cxb4 3. a3 bxa3 4. Nxa3 Nc6 5. d4 e6 6. c3 d5 7. Nb5 Bd6 8. Qg4 g6 9. e5 Bb8 10. Bd3 a6 11. Nh3 Na5 12. Bg5 Qb6 13. Na3 Bd7 14. 0-0 Ba7 15. Qh4 Nc6 16. Nf4 Nge7 17. Bf6 Rf8 18. Nc2 h6 19. Qxh6 Ng8 20. Qg7 Nge7 21. Qh7 0-0-0 22. Rfb1 Qc7 23. Rxa6 Kb8 24. Qh4 Rfe8 25. Ra3 Bc8 26. Bb5 Rd7 27. Qg3 b6 28. Nd3 Bb7 29. Ncb4 Rc8 30. Bxe7 Nxe7 31. Bxd7 Qxd7 32. Rba1 1-0

[Event "UKR-ch U16"]
[Site "Ordzhonikidze"]
[Date "2004.03.??"]
[Round "10"]
[White "Pasko, Alexander"]
[Black "Kononenko, Dmitry"]
[Result "0-1"]
[WhiteElo "2332"]
[BlackElo "2457"]
[PlyCount "78"]
[EventDate "2004.03.??"]
[EventType "tourn"]
[EventRounds "11"]
[EventCountry "UKR"]
[EventCategory "1"]
[SourceTitle "EXT 2005"]
[Source "ChessBase"]
[SourceDate "2004.11.15"]
[SourceVersion "1"]
[SourceVersionDate "2004.11.15"]
[SourceQuality "1"]

1. e4 c5 2. Nf3 Nc6 3. d4 cxd4 4. Nxd4 Nf6 5. Nc3 d6 6. Be2 e6 7. Be3 a6 8. 0-0 Be7 9. f4 0-0 10. a4 Qc7 11. Kh1 Re8 12. Qe1 Bd7 13. Qg3 Bf8 14. Bd3 g6 15. f5 Bg7 16. Nxc6 Bxc6 17. Bg5 exf5 18. exf5 Ne4 19. Nxe4 Bxe4 20. f6 Bf8 21. Qh3 Qc6 22. Bxe4 Rxe4 23. Bh6 Re2 24. Bxf8 Rxf8 25. Rf3 h5 26. Raf1 Rfe8 27. Qg3 Qxc2 28. Qg5 Qd2 29. Rf4 Re1 30. h4 Kh7 31. Kh2 Rxf1 32. Rxf1 Qxb2 33. Qd5 Qe5+ 34. Qxe5 Rxe5 35. Rd1 Re4 36. Rxd6 Rxh4+ 37. Kg3 g5 38. Rd7 Kg6 39. Rxb7 Rxa4 0-1

[Event "UKR-ch sf U20"]
[Site "Ternopol"]
[Date "2003.12.18"]
[Round "8"]
[White "Truskavetsky, Alexandr"]
[Black "Pasko, Alexander"]
[Result "1-0"]
[WhiteElo "2374"]
[BlackElo "2366"]
[PlyCount "68"]
[EventDate "2003.12.11"]
[EventType "swiss"]
[EventRounds "9"]
[EventCountry "UKR"]
[SourceTitle "EXT 2008"]
[Source "ChessBase"]
[SourceDate "2007.11.25"]
[SourceVersion "1"]
[SourceVersionDate "2007.11.25"]
[SourceQuality "1"]

1. d4 f5 2. h3 d5 3. Bg5 Nf6 4. e3 Ne4 5. Bf4 c5 6. dxc5 Nc6 7. c3 e5 8. Bh2 Bxc5 9. Bb5 0-0 10. Nd2 Nxf2 11. Kxf2 f4 12. Nb3 fxe3+ 13. Ke1 Qh4+ 14. g3 Qe4 15. Nf3 Bb6 16. Be2 Bxh3 17. Rg1 Qf5 18. Qxd5+ Kh8 19. g4 Bxg4 20. Bxe5 h5 21. Nbd4 Bxd4 22. cxd4 Rf7 23. Rc1 Rd8 24. Qb5 Nxe5 25. Qxe5 Bxf3 26. Qxf5 Rxf5 27. Bxf3 Rxf3 28. Rc7 Rg8 29. Rxb7 Rf2 30. Rg3 Rc8 31. Rxe3 Rcc2 32. Rh3 g6 33. Re3 Rf8 34. Ree7 Rd8 1-0